Detalles MARC
| 000 -LÍDER |
| Campo fijo de descripción fija |
02643cam a22003854i 4500 |
| 001 - NÚMERO DE CONTROL |
| Campo de control |
48777441 |
| 003 - IDENTIFICADOR DEL NÚMERO DE CONTROL |
| Campo de control |
CO-MdFUSB |
| 005 - FECHA Y HORA DE LA ULTIMA TRANSACCIÓN |
| control field |
20180622170748.0 |
| 008 - ELEMENTOS DE LONGITUD FIJA -- INFORMACIÓN GENERAL |
| Campo fijo de descripción fija -- Información general |
020103t2002 ilu f b 001 0 eng |
| 010 ## - NÚMERO DE CONTROL DE LA BIBLIOTECA DEL CONGRESO |
| Número de control LC |
2002017375 |
| 020 ## - NÚMERO INTERNACIONAL NORMALIZADO PARA LIBROS |
| Número Internacional Normalizado del libro |
0226901351 |
| Información adicional |
(pbk.) |
| 020 ## - NÚMERO INTERNACIONAL NORMALIZADO PARA LIBROS |
| Número Internacional Normalizado del libro |
9780226901350 |
| Información adicional |
(pbk.) |
| 040 ## - FUENTE DE CATALOGACIÓN |
| Agencia de catalogación original |
DLC |
| Idioma de catalogación |
spa |
| Agencia que realiza la transcripción |
CO-MdFUSB |
| Agencia que realiza la modificación |
CO-MdFUSB |
| Convenciones de la descripción |
rda |
| 041 ## - CÓDIGO DE IDIOMA |
| Código de idioma para texto/pista de sonido o título separado |
eng |
| 042 ## - AUTHENTICATION CODE |
| Authentication code |
pcc |
| 082 ## - NÚMERO DE CLASIFICACIÓN DECIMAL DEWEY |
| Número de la edición del Dewey |
24 |
| Número de clasificación |
G 306.6 |
| Clave de autor-Numero de item |
W746d |
| 092 ## - LOCALLY ASSIGNED DEWEY CALL NUMBER (OCLC) |
| Classification number |
306.6 |
| Item number |
Wilson |
| 100 1# - ASIENTO PRINCIPAL--NOMBRE PERSONAL |
| Nombre personal |
Wilson, David Sloan. |
| Término relacionador |
autor |
| 245 10 - TÍTULO |
| Título del Material |
Darwin's cathedral |
| Parte restante del título - Subtitulo |
: evolution, religion, and the nature of society |
| Mención de responsabilidad, etc. |
/ David Sloan Wilson. |
| 264 #4 - PRODUCCIÓN, PUBLICACIÓN, DISTRIBUCIÓN, MANUFACTURA, Y COPYRIGHT |
| Lugar de producción, publicación, distribución, manufactura |
Chicago : |
| Nombre del productor, publicador, distribuidor |
University of Chicago Press, |
| Fecha de producción, publicación, distribución, manufactura, o copyright |
℗[2002] |
| 264 #1 - PRODUCCIÓN, PUBLICACIÓN, DISTRIBUCIÓN, MANUFACTURA, Y COPYRIGHT |
| Fecha de producción, publicación, distribución, manufactura, o copyright |
©2002 |
| 300 ## - DESCRIPCIÓN FÍSICA |
| Extensión |
v, 268 páginas ; |
| Dimensiones |
24 cm. |
| Otros detalles físicos |
: |
| 336 ## - TIPO DE CONTENIDO |
| Término de tipo de contenido |
|
| Código de tipo de contenido |
|
| Fuente |
rdacontent. |
| 337 ## - TIPO DE MEDIO |
| Nombre del tipo de medio |
|
| Código del tipo de medio |
|
| Fuente |
rdamedia. |
| 338 ## - TIPO DE SOPORTE |
| Nombre del tipo de soporte |
|
| Código Tipo de soporte |
|
| Fuente |
rdacarrier. |
| 501 ## - NOTA DE “CON” |
| Nota de Contenido |
Incluye índice (p. 261- 268) |
| 504 ## - NOTA DE BIBLIOGRAFÍA, ETC. |
| Nota de bibliografía, etc |
Bibliografía (p. 245-258) |
| 505 00 - NOTA DE CONTENIDO |
| Información miscelánea |
ch. 1. |
| Título |
The view from evolutionary biology -- |
| Información miscelánea |
ch. 2. |
| Título |
The view from the social sciences -- |
| Información miscelánea |
ch. 3. |
| Título |
Calvinism : an argument from design -- |
| Información miscelánea |
ch. 4. |
| Título |
The secular utility of religion : historical examples -- |
| Información miscelánea |
ch. 5. |
| Título |
The secular utility of religion : the modern literature -- |
| Información miscelánea |
ch. 6. |
| Título |
Forgiveness as a complex adaptation -- |
| Información miscelánea |
ch. 7. |
| Título |
Unifying systems. |
| 505 00 - NOTA DE CONTENIDO |
| Nota de contenido con formato preestablecido |
Introducción: Iglesia como organismo -- Capítulo 1: La visión de la biología evolutiva -- Capítulo 2: La visión de las ciencias sociales -- Capítulo 3: Calvinismo: Un argumento del diseño -- Capítulo 4: La utilidad secular de la religión: Ejemplos históricos -- Capítulo 5: La utilidad secular de la religión: La literatura moderna -- Capítulo 6: Fragilidad como adaptación compleja -- Capítulo 7: Sistemas unificadores |
| 520 1# - NOTA DE RESUMEN, ETC. |
| Nota de sumario, etc. |
"From Calvinism in sixteenth-century Geneva to Balinese water temples, from hunter-gatherer societies to urban America, Wilson demonstrates how religions have enabled people to achieve by collective action what they never could do alone. He also includes a chapter considering forgiveness from an evolutionary perspective and concludes by discussing how all social organizations, including science, could benefit by incorporating elements of religion. Religious believers often compare their communities to single organisms and even to insect colonies. Astoundingly, Wilson shows that they might be literally correct. Intended for any reader, Darwin's Cathedral will change forever the way we view the relations among evolution, religion, and human society."--Jacket. |
| 650 #7 - ASIENTO SECUNDARIO DE MATERIA - TERMINO TEMÁTICO |
| Término temático o nombre geográfico como elemento de entrada |
Religión y ciencia |
| 9 (RLIN) |
259 |
| 650 #7 - ASIENTO SECUNDARIO DE MATERIA - TERMINO TEMÁTICO |
| Término temático o nombre geográfico como elemento de entrada |
Creación |
| 9 (RLIN) |
251 |
| 942 ## - TIPO DE MATERIAL (KOHA) |
| Tipo de Item KOHA |
Libros General |